Propuesta de estructura para un sistema nacional de desarrollo científico y tecnológico

Kaydedildi:
Detaylı Bibliyografya
Asıl Yazarlar: Lemaitre, María José (Yazar), Cañas Cruchaga, Raúl (Yazar), Israel Zipper, Ricardo (Yazar), Lavados G., Jaime (Yazar)
Materyal Türü: Kitap
Dil:İspanyolca
Baskı/Yayın Bilgisi: Santiago CPU 1987
Seri Bilgileri:Documento de trabajo, 7
Konular:
Etiketler: Etiketle
Etiket eklenmemiş, İlk siz ekleyin!

MARC

LEADER 00000nam a2200000 a 4500
001 UCW3747
003 CL-VaPUC
008 890109e19870000CL |||||||||||||||||spa|d
082 0 4 |a 372.35  |b LEM  |2 21 
100 |a Lemaitre, María José  |e author  |9 620398 
700 0 |a Cañas Cruchaga, Raúl  |e author  |9 308109 
700 |a Israel Zipper, Ricardo  |e author  |9 605304 
700 |a Lavados G., Jaime  |e author  |9 308111 
245 1 0 |a Propuesta de estructura para un sistema nacional de desarrollo científico y tecnológico 
300 |a 40 p 
942 |c BK 
945 |d 19890109 00:00:00 
260 |a Santiago  |b CPU  |c 1987 
650 0 |a Ciencia   |x Enseñanza  |9 308112 
583 |a last modification  |c 19890109 00:00:00  |k Rodrigo Vera 
490 0 |a Documento de trabajo, 7 
999 |c 217648  |d 217646 
952 |0 0  |1 0  |4 0  |6 372_350000000000000_LEM_1987  |7 0  |8 P  |9 205627  |a BIBEDU  |b BIBEDU  |c BIBEDU_PB  |d 2019-11-15  |i 2736012  |o 372.35 LEM 1987  |p 2736012  |r 2024-01-25  |w 2019-11-15  |y BK  |k EDU